00833nas a2200217 a 4500001001000000003000900010005001700019007000300036008004100039040002500080082001500105110005800120245018700178260005100365300002700416590002800443910000700471942001400478952010600492999001700598000037120DO-SdBNP20240409073645.0ta120216c20189999dr mr1pdd 0 0spa d aDO-SdBNPbspacBNPHU axxxbR426m aRepública Dominicana.bCámara de Diputados93223800aMujeres meritorias 2018 :breconocidas por la Cámara de Diputados de la República Dominicana, en ocasión de la celebración del 8 de marzo Día Internacional de la Mujer 2018 aSanto Domingo :bCámara de Diputados,c2018. a52 p. :c27 cm.bil. ; aInventariado, 2022 / DG aDG 2ddccLBS1 00102ddc51708MOaBNPHUbPDcCTd2022-05-05l0oxxx R426mp2022-1824r2022-05-05w2022-05-05yLBS1 c51649d51649